| 000 | 00486nam a22001937a 4500 | ||
|---|---|---|---|
| 005 | 20201015140601.0 | ||
| 008 | 201015b ||||| |||| 00| 0 eng d | ||
| 020 | _a9780099540977 | ||
| 040 | _cCLNC | ||
| 041 | _deng | ||
| 082 |
_a813.54 _bMOR |
||
| 100 |
_aMorrison, Toni _eauthor |
||
| 245 |
_aBeloved/ _cby Toni Morrison |
||
| 260 |
_aLondon: _bVintage books, _c2010 |
||
| 300 | _axiii, 324+12p. | ||
| 650 | _aAmerican literature | ||
| 650 | _aAmerican novel | ||
| 942 |
_2ddc _cBK |
||
| 999 |
_c11062 _d11062 |
||